[Event "GER-ch U25 op-B"]
[Site "Willingen"]
[Date "2024.05.24"]
[Round "8"]
[White "Ott, Claudius"]
[Black "Symanski, Linda"]
[Result "1-0"]
[WhiteElo "1674"]
[BlackElo "1542"]
[PlyCount "113"]
[EventDate "2024.05.19"]
[EventType "swiss"]
[EventRounds "9"]
[EventCountry "GER"]
[SourceTitle "EXT 2025"]
[Source "ChessBase"]
[SourceDate "2024.10.14"]
[SourceVersion "1"]
[SourceVersionDate "2024.10.14"]
[SourceQuality "1"]

1. e4 d5 2. exd5 Qxd5 3. Nc3 Qa5 4. b4 Qb6 5. Rb1 c6 6. Nf3 Nf6 7. d3 Bg4 8. Be2 e6 9. 0-0 Nbd7 10. h3 Bh5 11. Be3 Qc7 12. Ne4 Be7 13. Ng3 Bxf3 14. Bxf3 Ne5 15. Be2 Nd5 16. Bd2 0-0 17. c4 Nb6 18. Bf4 Bf6 19. Nh5 Qe7 20. Re1 Rfd8 21. Qc2 Rd7 22. a4 Rad8 23. Red1 Nc8 24. h4 Ng6 25. Nxf6+ Qxf6 26. Bg5 Qd4 27. Bxd8 Rxd8 28. h5 Nf4 29. Qb2 Qxb2 30. Rxb2 Nxe2+ 31. Rxe2 Nb6 32. Red2 Nxa4 33. Ra1 Nb6 34. Rxa7 Rb8 35. Rda2 h6 36. f4 f5 37. Kf2 Kf7 38. R2a6 Nd7 39. Ra5 Ke7 40. Ra8 Kd6 41. Rxb8 Nxb8 42. b5 cxb5 43. Rxb5 Kc6 44. d4 b6 45. d5+ exd5 46. Rxd5 Nd7 47. Rxf5 Nf6 48. Kf3 Kd6 49. g4 Ke6 50. Rb5 Nd7 51. f5+ Kf6 52. Kf4 Ke7 53. g5 Kf7 54. g6+ Kf6 55. Rd5 Ke7 56. Rxd7+ Kxd7 57. f6 1-0

[Event "GER-ch U25 op-B"]
[Site "Willingen"]
[Date "2024.05.23"]
[Round "7"]
[White "Lohmann, Rene Alexander"]
[Black "Ott, Claudius"]
[Result "1/2-1/2"]
[WhiteElo "1702"]
[BlackElo "1674"]
[PlyCount "58"]
[EventDate "2024.05.19"]
[EventType "swiss"]
[EventRounds "9"]
[EventCountry "GER"]
[SourceTitle "EXT 2025"]
[Source "ChessBase"]
[SourceDate "2024.10.14"]
[SourceVersion "1"]
[SourceVersionDate "2024.10.14"]
[SourceQuality "1"]

1. c4 Nf6 2. g3 g6 3. Bg2 Bg7 4. Nc3 0-0 5. e4 c5 6. Nge2 Nc6 7. 0-0 d6 8. h3 h5 9. d3 b6 10. e5 dxe5 11. Bxc6 Bxh3 12. Bg2 Bxg2 13. Kxg2 Qd7 14. Qc2 Rad8 15. Rd1 Qc6+ 16. f3 Ng4 17. Nd5 Rfe8 18. fxg4 e6 19. Nec3 hxg4 20. Qe2 exd5 21. Nxd5 Qe6 22. Rb1 e4 23. dxe4 f5 24. Nc7 Qc6 25. Rxd8 Rxd8 26. Nd5 Re8 27. Bg5 Kf7 28. b3 Rxe4 29. Qf1 Qe6 1/2-1/2

[Event "GER-ch U25 op-B"]
[Site "Willingen"]
[Date "2024.05.19"]
[Round "1"]
[White "Grunert, Greta"]
[Black "Ott, Claudius"]
[Result "0-1"]
[WhiteElo "1590"]
[BlackElo "1674"]
[PlyCount "50"]
[EventDate "2024.05.19"]
[EventType "swiss"]
[EventRounds "9"]
[EventCountry "GER"]
[SourceTitle "EXT 2025"]
[Source "ChessBase"]
[SourceDate "2024.10.14"]
[SourceVersion "1"]
[SourceVersionDate "2024.10.14"]
[SourceQuality "1"]

1. e4 c5 2. Nf3 d6 3. d4 cxd4 4. Nxd4 Nf6 5. Nc3 g6 6. f3 Bg7 7. Be3 0-0 8. Qd2 Nc6 9. Nb3 Be6 10. 0-0-0 a6 11. g4 Bxb3 12. cxb3 b5 13. h4 Qa5 14. h5 Rfc8 15. Bh6 Nb4 16. Kb1 Bxh6 17. Qxh6 Rxc3 18. a3 Rxb3 19. axb4 Qxb4 20. Rh2 Rxf3 21. hxg6 Qxe4+ 22. Ka1 Qa4+ 23. Kb1 Qxd1+ 24. Ka2 Qa4+ 25. Kb1 Rxf1+ 0-1